[Event "SRB-chT3 South"]
[Site "Serbia"]
[Date "2017.10.13"]
[Round "8.3"]
[White "Aritonovic, Nenad"]
[Black "Stankov, Dejan"]
[Result "0-1"]
[WhiteElo "1651"]
[BlackElo "1820"]
[PlyCount "102"]
[EventDate "2017.09.03"]
[EventType "team-tourn"]
[EventRounds "11"]
[EventCountry "SRB"]
[SourceTitle "EXT 2022"]
[Source "ChessBase"]
[SourceDate "2021.10.06"]
[SourceVersion "1"]
[SourceVersionDate "2021.10.06"]
[SourceQuality "1"]

1. f4 d5 2. Nf3 Nf6 3. e3 Bg4 4. b3 g6 5. Bb2 Bg7 6. c4 e6 7. Be2 Bxf3 8. Bxf3 0-0 9. 0-0 c6 10. Na3 Nbd7 11. d3 Ne8 12. Bxg7 Nxg7 13. d4 f5 14. Qc2 Nf6 15. Qe2 Qa5 16. Nc2 Nge8 17. b4 Qd8 18. c5 Ne4 19. Bxe4 fxe4 20. Kh1 Qh4 21. g4 Ng7 22. Rg1 Kf7 23. a4 h5 24. g5 Qh3 25. Rg3 Qf5 26. h4 Kg8 27. b5 Qf7 28. Nb4 Nf5 29. Rh3 Ne7 30. Rg3 Rfb8 31. Kh2 Nf5 32. Rh3 Qd7 33. Kg2 a5 34. Na2 Kf8 35. Nc3 Ke8 36. Rhh1 Kd8 37. Kh3 e5 38. Kg2 exd4 39. exd4 Nxd4 40. Qd1 Nf5 41. Qe2 Qe6 42. Rad1 Ke7 43. Qf2 Rd8 44. Ne2 Kf7 45. Nd4 Nxd4 46. Rxd4 cxb5 47. axb5 a4 48. Rh3 a3 49. Rd2 d4 50. Rxd4 a2 51. Rxd8 Rxd8 0-1

[Event "SRB-chT3 South"]
[Site "Serbia"]
[Date "2017.10.13"]
[Round "7.4"]
[White "Stankov, Dejan"]
[Black "Spasic, Petar"]
[Result "0-1"]
[WhiteElo "1820"]
[BlackElo "1964"]
[PlyCount "58"]
[EventDate "2017.09.03"]
[EventType "team-tourn"]
[EventRounds "11"]
[EventCountry "SRB"]
[SourceTitle "EXT 2022"]
[Source "ChessBase"]
[SourceDate "2021.10.06"]
[SourceVersion "1"]
[SourceVersionDate "2021.10.06"]
[SourceQuality "1"]

1. d4 Nf6 2. c4 e6 3. Nf3 d5 4. e3 c5 5. cxd5 exd5 6. h3 Nc6 7. dxc5 Bxc5 8. Be2 0-0 9. 0-0 Bf5 10. a3 Qe7 11. b4 Bb6 12. Bb2 Rfd8 13. Nd4 Bg6 14. Bb5 Ne5 15. Nd2 Rac8 16. Rc1 Nd3 17. Bxd3 Bxd3 18. Re1 Rxc1 19. Qxc1 Bg6 20. N2f3 Ne4 21. Qa1 Nd6 22. Rc1 Nc4 23. Qa2 Be4 24. Qb3 Rd6 25. Ne2 Bxf3 26. gxf3 Rg6+ 27. Ng3 Rxg3+ 28. fxg3 Bxe3+ 29. Kf1 Nd2+ 0-1

[Event "Nis op-B"]
[Site "Nis"]
[Date "2015.04.21"]
[Round "2"]
[White "Stankov, Dejan"]
[Black "Petrovic, Tamara"]
[Result "0-1"]
[WhiteElo "1758"]
[BlackElo "1929"]
[PlyCount "92"]
[EventDate "2015.04.20"]
[EventType "swiss"]
[EventRounds "9"]
[EventCountry "SRB"]
[SourceTitle "CBM 166 Extra"]
[Source "ChessBase"]
[SourceDate "2015.06.18"]
[SourceVersion "1"]
[SourceVersionDate "2015.06.18"]
[SourceQuality "1"]

1. c4 c5 2. Nc3 Nf6 3. Nf3 e6 4. d4 cxd4 5. Nxd4 Bb4 6. Qb3 Ba5 7. Bg5 a6 8. g3 h6 9. Bxf6 Qxf6 10. Rd1 b6 11. Bg2 Ra7 12. 0-0 Bxc3 13. bxc3 e5 14. Nc2 Bb7 15. Bxb7 Rxb7 16. c5 b5 17. Rd6 Qe7 18. Rfd1 0-0 19. Nb4 Rc8 20. Nxa6 Nxa6 21. Rxa6 Qxc5 22. a4 Qxc3 23. Qxc3 Rxc3 24. a5 Kf8 25. Ra8+ Ke7 26. a6 Rbc7 27. Rd5 R3c5 28. Rxc5 Rxc5 29. a7 Rc1+ 30. Kg2 Ra1 31. Rb8 Rxa7 32. Rxb5 Ke6 33. e4 Ra4 34. f3 Ra2+ 35. Kh3 Rf2 36. Rb3 f5 37. g4 fxe4 38. Kg3 Re2 39. f4 exf4+ 40. Kxf4 g5+ 41. Kg3 Rd2 42. Rb6+ Rd6 43. Rb5 Rd3+ 44. Kf2 Rf3+ 45. Ke2 Rh3 46. Rb4 Ke5 0-1

[Event "Nis Pantelej op 2nd"]
[Site "Nis"]
[Date "2014.08.06"]
[Round "5"]
[White "Stankov, Dejan"]
[Black "Stankovic, Sara"]
[Result "1-0"]
[WhiteElo "1795"]
[BlackElo "1412"]
[PlyCount "63"]
[EventDate "2014.08.03"]
[EventType "swiss"]
[EventRounds "9"]
[EventCountry "SRB"]
[SourceTitle "CBM 162 Extra"]
[Source "ChessBase"]
[SourceDate "2014.10.17"]
[SourceVersion "1"]
[SourceVersionDate "2014.10.17"]
[SourceQuality "1"]

1. c4 Nf6 2. Nf3 c5 3. g3 e6 4. d4 g6 5. Bg2 Bg7 6. Nc3 0-0 7. dxc5 Qa5 8. Bf4 Ne4 9. 0-0 Nxc3 10. bxc3 Bxc3 11. Rc1 Bb4 12. Bh6 Re8 13. Qd4 e5 14. Qh4 Qa6 15. Nxe5 Qe6 16. Nd3 Ba5 17. Bd5 Bd8 18. Bg5 Bxg5 19. Qxg5 Qe7 20. Qh6 Na6 21. h4 Nxc5 22. Nxc5 Qxc5 23. h5 Rxe2 24. hxg6 hxg6 25. Qxg6+ Kh8 26. Qf6+ Kh7 27. Qxf7+ Kh6 28. Kg2 Kg5 29. Rce1 Rxe1 30. Rxe1 Qd6 31. f4+ Kg4 32. Bf3# 1-0

[Event "Nis Pantelej op 2nd"]
[Site "Nis"]
[Date "2014.08.03"]
[Round "1"]
[White "Stankov, Dejan"]
[Black "Raicevic, Ivica"]
[Result "0-1"]
[WhiteElo "1795"]
[BlackElo "2272"]
[PlyCount "102"]
[EventDate "2014.08.03"]
[EventType "swiss"]
[EventRounds "9"]
[EventCountry "SRB"]
[SourceTitle "CBM 162 Extra"]
[Source "ChessBase"]
[SourceDate "2014.10.17"]
[SourceVersion "1"]
[SourceVersionDate "2014.10.17"]
[SourceQuality "1"]

1. c4 Nf6 2. Nf3 c5 3. g3 b6 4. Bg2 Bb7 5. 0-0 e6 6. d4 cxd4 7. Qxd4 d6 8. Rd1 Nbd7 9. Nc3 a6 10. Bg5 Be7 11. Bxf6 Nxf6 12. e4 Qc7 13. Rac1 0-0 14. e5 dxe5 15. Qxe5 Rac8 16. Qxc7 Rxc7 17. Na4 Nd7 18. b3 Bc6 19. Nc3 Rfc8 20. Nd2 Ne5 21. Bxc6 Rxc6 22. Kg2 b5 23. f4 Ng4 24. Re1 Ba3 25. Rc2 Bc5 26. cxb5 axb5 27. Nxb5 Ne3+ 28. Rxe3 Bxe3 29. Rxc6 Rxc6 30. Nc4 Bc5 31. a4 Rc8 32. Kf3 Kf8 33. Ke2 Rd8 34. Nc7 Bg1 35. a5 Rb8 36. Nd2 Rb7 37. Na6 Ra7 38. Kf1 Rxa6 39. Kxg1 Rxa5 40. Kf1 Rc5 41. Ke2 Rc3 42. b4 Ke7 43. b5 Kd7 44. Ne4 Rc4 45. Kd3 Rb4 46. Nc3 Kd6 47. Ne4+ Kd5 48. Ng5 f6 49. Nxh7 Rxb5 50. Nf8 Rb2 51. g4 Rxh2 0-1

[Event "Nis Art Faculty op"]
[Site "Nis"]
[Date "2013.08.04"]
[Round "3"]
[White "Stankov, Dejan"]
[Black "Arandjelovic, Aleksandar Z"]
[Result "0-1"]
[WhiteElo "970"]
[BlackElo "2001"]
[PlyCount "88"]
[EventDate "2013.08.03"]
[EventType "swiss"]
[EventRounds "7"]
[EventCountry "SRB"]
[SourceTitle "EXT 2015"]
[Source "ChessBase"]
[SourceDate "2014.11.20"]
[SourceVersion "1"]
[SourceVersionDate "2014.11.20"]
[SourceQuality "1"]

1. d4 Nf6 2. Nf3 g6 3. Bf4 Bg7 4. e3 0-0 5. Bd3 d6 6. 0-0 Nc6 7. h3 a6 8. c4 Nd7 9. Nc3 e5 10. dxe5 Ndxe5 11. a3 Be6 12. Qe2 Na5 13. Bxe5 dxe5 14. Rfd1 Qe8 15. Rab1 h6 16. b4 Nc6 17. Nd5 Rc8 18. e4 Nd4 19. Nxd4 exd4 20. f4 Qd8 21. f5 Bxd5 22. exd5 Re8 23. Qd2 g5 24. Re1 Qd6 25. Qf2 Bf6 26. Re2 Kg7 27. Rf1 a5 28. Rfe1 Rxe2 29. Rxe2 axb4 30. axb4 Qxb4 31. Rb2 Qa3 32. Qe2 b6 33. Rc2 Qd6 34. Qf3 Ra8 35. g3 Ra3 36. Rd2 h5 37. Kg2 Qb4 38. Qe2 Qc3 39. Rd1 Rb3 40. Rd2 Kh6 41. Qd1 Be5 42. Kf3 Qxc4 43. Ke4 c6 44. Bxc4 Re3# 0-1